000 00834nam a2200229Ia 4500
003 GCL
008 140319s9999 xx 000 0 ara d
040 _aGCL /
_cGCL
082 0 4 _a346.01
_bع ح
100 1 _aعبدالحميد الشواربى
_vPurified
_@
…هذب
245 1 0 _aالحقوق السياسية للمراة فى الاسلام /
_cعبدالحميد الشواربى
250 _aالاولى
260 _aالقاهرة :
_bمنشاة المعارف الاسلامية ،
_c1987
300 _a278 ص ؛
_c24سم
490 _aالكتب القانونية
_v0
650 0 4 _aالحقوق السياسية
650 0 4 _aالمرأة
650 0 4 _aقانون الاحوال الشخصية
650 0 4 _aالعصر الفرعونى
650 0 4 _aالمرأة فى الاسلام
942 _2ddc
_cBK
999 _c35449
_d35449